Smart grid : (Record no. 355311)

000 -LEADER
fixed length control field 01170cam a22003254a 4500
001 - CONTROL NUMBER
control field 16871700
003 - CONTROL NUMBER IDENTIFIER
control field Nust- CAS-E
005 - DATE AND TIME OF LATEST TRANSACTION
control field 20180118181357.0
008 - FIXED-LENGTH DATA ELEMENTS--GENERAL INFORMATION
fixed length control field 110714s2012 njua b 001 0 eng
010 ## - LIBRARY OF CONGRESS CONTROL NUMBER
LC control number 2011024331
020 ## - INTERNATIONAL STANDARD BOOK NUMBER
International Standard Book Number 9781118004395
040 ## - CATALOGING SOURCE
Original cataloging agency DLC
Transcribing agency DLC
Modifying agency DLC
042 ## - AUTHENTICATION CODE
Authentication code pcc
050 00 - LIBRARY OF CONGRESS CALL NUMBER
Classification number TK3226
Item number .B355 2012
082 00 - DEWEY DECIMAL CLASSIFICATION NUMBER
Classification number 621.319130285
Edition number 23
Author Mark SMA 2012
245 10 - TITLE STATEMENT
Title Smart grid :
Remainder of title applications, communications, and security /
Statement of responsibility, etc. Lars Torsten Berger & Krzysztof (Kris) Iniewski.
260 ## - PUBLICATION, DISTRIBUTION, ETC.
Place of publication, distribution, etc. Hoboken, N.J. :
Name of publisher, distributor, etc. Wiley,
Date of publication, distribution, etc. c2012.
300 ## - PHYSICAL DESCRIPTION
Extent xviii, 464 p. :
Other physical details ill. ;
Dimensions 25 cm.
504 ## - BIBLIOGRAPHY, ETC. NOTE
Bibliography, etc. note Includes bibliographical references and index.
650 #0 - SUBJECT ADDED ENTRY--TOPICAL TERM
Topical term or geographic name entry element Electric power distribution
General subdivision Automation.
650 #0 - SUBJECT ADDED ENTRY--TOPICAL TERM
Topical term or geographic name entry element Electric power distribution
General subdivision Data processing.
650 #0 - SUBJECT ADDED ENTRY--TOPICAL TERM
Topical term or geographic name entry element Electric power distribution
General subdivision Security measures.
650 #0 - SUBJECT ADDED ENTRY--TOPICAL TERM
Topical term or geographic name entry element Telecommunication systems.
650 #0 - SUBJECT ADDED ENTRY--TOPICAL TERM
Topical term or geographic name entry element Smart power grids.
700 ## - ADDED ENTRY--PERSONAL NAME
Personal name Iniewski, Krzysztof,
Dates associated with a name 1960-
710 1# - ADDED ENTRY--CORPORATE NAME
Relator code Berger, Lars T.
906 ## - LOCAL DATA ELEMENT F, LDF (RLIN)
a 7
b cbc
c orignew
d 1
e ecip
f 20
g y-gencatlg
942 ## - ADDED ENTRY ELEMENTS (KOHA)
Source of classification or shelving scheme
Koha item type Book
Holdings
Withdrawn status Lost status Source of classification or shelving scheme Damaged status Not for loan Collection code Permanent Location Current Location Shelving location Date acquired Source of acquisition Total Checkouts Full call number Barcode Date last seen Cost, replacement price Price effective from Koha item type
            US-Pakistan Center for Advanced Studies in Energy (USPCAS-E) US-Pakistan Center for Advanced Studies in Energy (USPCAS-E) General Stacks 04/16/2013 Victoria co   621.319130285 SMA 2012 CAS-E0000188 04/15/2014 14068.00 04/15/2014 Book
© 2023 Central Library, National University of Sciences and Technology. All Rights Reserved.